000 01084nam a2200229 a 4500
001 000032297
005 20250204073952.0
008 110714s1943 dr 000 0 spa d
040 _aDO-SdBNP
_bspa
_cBNPHU
082 _aRD861.4208
_bM843i
100 1 _aMoreno Jimenes, Domingo,
_d1894-1986
_919534
245 1 0 _aInfinitestética :
_bEl tercer libro de los triálogos /
_cDomingo Moreno Jimenes, Alberto Baeza Flores, Mariano Lebrón Saviñón.
260 _aSantiago de los Caballeros, República Dominicana :
_bLibrería Dominicana,
_c1943.
300 _a[20 p.] ;
_c17 cm.
500 _aEl movimiento que antes iba hacia el hombre, ahora va desde el hombre. Una geografía espiritual está naciendo dentro de la historia política. Estamos asistiendo a un atisbo de islas y a una reintegración de continentes.
650 4 _aPoesía dominicana
_xColecciones
_9351
650 0 _aLiteratura dominicana.
_967
700 1 _aBaeza Flores, Alberto,
_d1914-1998
_97565
700 1 _aLebrón Saviñon, Mariano
_d1922-2014
_97227
910 _aValidado. Control de calidad
049 _aBNPD
999 _c31788
_d31788